|
|
|
|
| LEADER |
01011nam a2200325 4500 |
| 001 |
DLU090094683 |
| 005 |
##20091201 |
| 040 |
# |
# |
|a DLU
|b eng
|
| 041 |
# |
# |
|a eng
|
| 044 |
# |
# |
|a us
|
| 100 |
# |
# |
|a Chrysikopoulos, Constantinos V.
|
| 245 |
# |
# |
|a Acoustically enhanced multicomponent NAPL ganglia dissolution in water saturated packed columns /
|c Constantinos V. Chrysikopoulos, Eric T. Vogler.
|
| 653 |
# |
# |
|a Acoustic wave
|
| 653 |
# |
# |
|a Aquifers
|
| 653 |
# |
# |
|a Decontamination
|
| 653 |
# |
# |
|a Dissolution
|
| 653 |
# |
# |
|a Ground water
|
| 653 |
# |
# |
|a Saturated porous medium
|
| 653 |
# |
# |
|a Water pollution
|
| 700 |
# |
# |
|a Vogler, Eric T.
|
| 773 |
# |
# |
|t Environmental Science & Technology
|g Vol. 38, no. 10 (May 2004), p. 2940-2945
|
| 920 |
# |
# |
|a Phòng Tạp chí -- Trung tâm Thông tin - Thư viện Trường Đại học Đà Lạt
|
| 994 |
# |
# |
|a DLU
|
| 900 |
# |
# |
|a True
|
| 911 |
# |
# |
|a Trương Bảo Trâm Anh
|
| 925 |
# |
# |
|a G
|
| 926 |
# |
# |
|a A
|
| 927 |
# |
# |
|a BB
|
| 980 |
# |
# |
|a Thư viện Trường Đại học Đà Lạt
|